Sardar Vallab bhai Part-ll / (Record no. 12142)
[ view plain ]
| 000 -LEADER | |
|---|---|
| fixed length control field | 00460cam a2200181ua 4500 |
| 041 ## - LANGUAGE CODE | |
| Language code of text/sound track or separate title | hin |
| 082 ## - DEWEY DECIMAL CLASSIFICATION NUMBER | |
| Classification number | 891.43 |
| Item number | NAR/SA |
| 100 ## - MAIN ENTRY--AUTHOR NAME | |
| Personal name | Narhari Da , Parikh . |
| 245 ## - TITLE STATEMENT | |
| Title | Sardar Vallab bhai Part-ll / |
| 250 ## - EDITION STATEMENT | |
| Edition statement | 1 / |
| 260 ## - PUBLICATION, DISTRIBUTION, ETC. (IMPRINT) | |
| Place of publication | Ahamadabad : |
| Name of publisher | Navjeevan prakashan mandir , |
| Year of publication | 1956. |
| 300 ## - PHYSICAL DESCRIPTION | |
| Number of Pages | 651 ; . |
| 942 ## - ADDED ENTRY ELEMENTS (KOHA) | |
| Koha item type | Books |
| Withdrawn status | Lost status | Damaged status | Home library | Current library | Date acquired | Full call number | Accession Number | Koha item type |
|---|---|---|---|---|---|---|---|---|
| Withdrawn | KAUAET | Sanskrit University | 07/04/2012 | 891.43 | 3255 | Books |
